Tilastot visalle Valtiot, jotka ovat olleet osa Ruotsia

Klikkaa tästä pelataksesi tätä visaa!

Yleistilastot

  • Tätä visaa on pelattu 617 kertaa
  • Keskiarvotulos 10 / 13

Vastaustilastot

Valtio% Oikein
Suomi
100%
Norja
99%
Tanska
98%
Saksa
95%
Viro
95%
Latvia
93%
Liettua
93%
Venäjä
92%
Puola
91%
Ranska
68%
Ruotsi
45%
Yhdysvallat
36%
Ghana
10%

Tulosjakauma

Persentiili vastausten määrän mukaan

Jokaisen tuloksen saaneiden osuus

Tuloshistoriasi

Et ole pelannut tätä visaa